000 00602nam a2200181 a 4500
005 20140414132055.0
008 100520s19uu xx 00 eng d
050 _aREF 535
_bL54 2003
245 _aLight.
250 _aNorth American Ed
260 _aMilwaukee, WI :
_bGareth Stevens,
_c2003.
440 _aDiscovery Channel school science: physical science
520 _aExplores the nature and properties of light, discussing such topics as refraction, the electromagnetic spectrum, optical illusions, and photons.
650 _aLight
999 _c114298
_d114298